Datum a čas kvízu
28
Celkem bodů
Celkový počet nahraných bodů na tomto kvízu bez doplňovacích otázek.
11.
Pořadí na kvízu
Konečné umístění týmu na tomto kvízu.
Zaznamenané odpovědi
| # | Otázka | Odpověď | Body | Výsledky |
|---|---|---|---|---|
| 1. | Který český politik a lékař če... | Bohuslav Svoboda | 0 | |
| 2. | Po ulicích jednoho středoslove... | Liptovský Mikuláš | 1 | |
| 3. | Jak se nazývá soutěžní reality... | Peče celá země | 1 | |
| 4. | Některé provozovny jistého řet... | McDonald's | 0 | |
| 5. | Minulý týden se stala jedna ne... | Jaromír Jágr | 0 | |
| 6. | Téma začneme v Evropě. Seřaďte... | 1C 2D 3A 4B | 1 | |
| 7. | Vůdcem Kuby byl několik deseti... | Raúl | 0 | |
| 8. | Které z těchto zvířat nežije p... | C | 0 | |
| 9. | Jak se jmenuje nejlidnatější s... | Indonésie, Jakarta | 1 | |
| 10. | Jak se jmenuje ostrovní stát,... | Papua Nová Guinea | 0 |